000 00413nam a2200193Ia 4500
001 13393
003 GE_BSU
008 181216s||||||||xx |||||||||||||| ||und||
040 _cGE_BSU
080 _a821.111-3
100 _aWodehouse,P.G.
245 _aMike and psmith.
260 _aLondon.
260 _bPenguin books.
260 _c1953
300 _a190p;18cm.
653 _aMike and psmith.
942 _cBK
999 _c46554
_d46554